000 01280nam a22003017a 4500
001 BD-DhSAU 9297
003 BD-DhSAU
005 20200107153105.0
008 150612b2018 bg a||||r|||| 000 0 eng d
040 _aBD-DhSAU
082 _222
_a630.715
_bZ144
100 _aZaman , S. M. Ashik-Uz-
_eRegistration No. # 12-04546
245 _aAssessment of continued use of Geo-Potato service from technology acceptance perspective /
_bMS thesis
_cS. M. Ashik-Uz-Zaman
260 _aSher-e- Bangla Agricultural University :
_bDepartment of Agricultural Extension and Information System,
_c2018
300 _avii,81 p. :
_bill. ,
_c30 cm.
500 _aMS thesis of Department of Agricultural Extension and Information System, Faculty of Agriculture, Sher-e-Bangla Agricultural University, Dhaka, Bangladesh
504 _a Include Bibliographical References
590 _aShofi
650 _a Agricultural Extension and Information System
650 _aAssessment
650 _aGeo-Potato service
650 _aTechnology
650 _aPerspective
_z
700 _a Alam, , Md. Mahbubul
_eSupervisor
700 _aBashar , Md. Abul
_eCo-Supervisor
856 _uhttp://archive.saulibrary.edu.bd:8080/xmlui/handle/123456789/2846
_yOnline Access
942 _2ddc
_cTHESIS
999 _c14812
_d14811